| 000 | 00823nam a2200205 a 4500 | ||
|---|---|---|---|
| 003 | AM-YEHGA | ||
| 001 | 1424738 | ||
| 005 | 20250617163550.0 | ||
| 008 | 181122s1961 ru a||||r|||||000|1|rus|| | ||
| 040 | _aAM-YeHGA | ||
| 041 | 1 |
_arus _hgeo |
|
| 100 | 1 | _aБежанишвили, Ростом Титикович | |
| 245 | 1 | 0 |
_aВзлет : _bПовести и рассказы : Авторизованный перевод с грузинского / _cРостом Бежанишвили ; [Ил. : Е. Е. Лансерс]. |
| 260 |
_aМосква : _bСов. писатель, _c1961. |
||
| 300 |
_a184 с. : _bил. ; _c21 см. |
||
| 650 | 1 | 4 |
_aГрузинская художественная литература _xПроза |
| 700 | 1 |
_aЛансерс, Е. Е. _eил. _4ill |
|
| 942 |
_2udc _cBK |
||
| 090 | _c512093 | ||
| 999 |
_c508647 _d508647 |
||